Statistics for Game of Thrones Monopoly Board Quiz

Click here to take the quiz!

General Stats

  • This quiz has been taken 119 times
  • The average score is 21 of 32

Answer Stats

Board Space% Correct
The I{ron} Throne
100%
House L{annister}
98%
King's L{anding}
96%
Hand Of The K{ing}
92%
House B{aratheon}
91%
Castle B{lack}
89%
House S{tark}
88%
House T{argaryen}
85%
Dragon{stone}
82%
The E{yrie}
76%
The Fist Of The F{irst} M{en}
76%
Valar M{orghulis}
76%
Master Of C{oin}
75%
Vaes D{othrak}
75%
Q{arth}
72%
C{raster}'s Keep
71%
P{entos}
69%
The Dread{fort}
69%
The W{all}
63%
Moat C{ailin}
60%
M{ole}'s Town
56%
W{interfell}
54%
The Inn At The C{rossroads}
52%
The T{wins}
45%
A{stapor}
44%
Y{unkai}
44%
P{yke}
39%
M{eereen}
38%
B{raavos}
37%
H{arrenhal}
34%
The Red W{aste}
28%
The N{ightfort}
10%

Score Distribution

Percentile by Number Answered

Percent of People with Each Score

Your Score History

You have not taken this quiz